เปลี่ยนเป็นภาษาไทย

Change to English
 แสดงรายละเอียดบรรณานุกรม
  กลับหน้าหลัก

Brief Record : Get Marc (ISO 2709) : E-mail record : QR code กลับ
E-books : เกี่ยวกับ Collections
LEADER 00000nam 2200000uu 4500
001    13399128787
003     BCNR
008    210920s2567 th a b 000 0 tha d
020    ^a9786164263659
041    ^atha
060 04 ^aWS285^bก978ร 2567
100 0  ^aไกลตา ศรีสิงห์
245 10 ^aโรคติดเชื้อระบบทางเดินหายใจในเด็ก =^bRespiratory tract infection in children /^cไกลตา ศรีสิงห์ และ ศรัญญา ศรีจันท์ทองศิริ
246 31 ^aRespiratory tract infection in children
250    ^aพิมพ์ครั้งที่ 2
260    ^aพิษณุโลก :^bสำนักพิมพ์มหาวิทยาลัยนเรศวร,^c2567
300    ^a403 หน้า :^bภาพประกอบ, ตาราง ;^c21 ซม.
505 0  ^aส่วนที่ 1 ความรู้พื้นฐานระบบหายใจ -- บทที่ 1 พัฒนาการและกายวิภาคของระบบหายใจ -- บทที่ 2 ระบบไหลเวียนเลือดของทารกในและนอกครรภ์ -- บทที่ 3 สรีรวิทยาของระบบหายใจ -- บทที่ 4 การควบคุมการหายใจ -- ส่วนที่ 2 โรคติดเชื้อทางเดินหายใจส่วนบน -- บทที่ 5 โรคหวัด -- บทที่ 6 โรคคออักเสบ -- บทที่ 7 โรคไซนัสอักเสบเฉียบพลัน -- บทที่ 8 โรคหูชั้นกลางอักเสบเฉียบพลัน -- บทที่ 9 ฝีหลังคอหอย -- ส่วนที่ 3 โรคติดเชื้อทางเดินหายใจส่วนกลาง -- บทที่ 10 โรคไวรัสครูพ -- บทที่ 11 โรคฝาปิดกล่องอักเสบ -- บทที่ 12 โรคหลอดลมคออักเสบจากเชื้อแบคทีเรีย -- บทที่ 13 โรคหลอดลมอักเสบ -- บทที่ 14 โรคหลอดลมฝอยอักเสบเฉียบพลัน -- บทที่ 15 โรคปอดบวม -- บทที่ 16 โรคเสียงหวีดเฉียบพลันที่เกิดร่วมกับการติดเชื้อไวรัสของทางเดินหายใจ -- บทที่ 17 โรคปอดบวมในผู้ป่วยภูมิคุ้มกันบกพร่อง -- บทที่ 18 วัณโรคในเด็ก -- บทที่ 19 การรักษาวัณโรคดื้อยาในเด็ก -- บทที่ 20 โรคปอดบวมที่สัมพันธ์กับการใส่เครื่องช่วยหายใจ -- บทที่ 21 โรคพยาธิใบไม้ปอด -- บทที่ 22 โรคติดเชื้อไวรัสโคโรนา 2019 ในเด็ก
650  4 ^aทางเดินอากาศหายใจ, การติดเชื้อ^xในวัยทารกและเด็ก
650  4 ^aทางเดินหายใจ^xโรค
650  4 ^aเด็ก
700 0  ^aศรัญญา ศรีจันท์ทองศิริ
999    ^aบรรณารักษ์
รายการนี้ยังไม่มีแท็ก
คุณยังไม่ได้ล็อกอิน คุณสามารถมีกิจกรรมร่วมกับเว็บไซต์ได้ แต่ต้องล็อกอินก่อน ::
  ล็อกอิน
ลำดับที่ ประเภท เลขเรียก/บาร์โค้ด สถานที่ สถานะ
1. หนังสือ
หนังสือ
WS285 ก978ร 2567 c.1 
  Barcode: 087759
ห้องสมุดสาขาหลัก
►หนังสือทั่วไป
On Shelf
*รอนำขึ้นชั้น
2. หนังสือ
หนังสือ
WS285 ก978ร 2567 c.2 
  Barcode: 087760
ห้องสมุดสาขาหลัก
►หนังสือทั่วไป
On Shelf
*รอนำขึ้นชั้น
3. หนังสือ
หนังสือ
WS285 ก978ร 2567 c.3 
  Barcode: 087761
ห้องสมุดสาขาหลัก
►หนังสือทั่วไป
On Shelf
*รอนำขึ้นชั้น
4. หนังสือ
หนังสือ
WS285 ก978ร 2567 c.4 
  Barcode: 087762
ห้องสมุดสาขาหลัก
►หนังสือทั่วไป
On Shelf
*รอนำขึ้นชั้น
5. หนังสือ
หนังสือ
WS285 ก978ร 2567 c.5 
  Barcode: 087763
ห้องสมุดสาขาหลัก
►หนังสือทั่วไป
On Shelf
*รอนำขึ้นชั้น
6. หนังสือ
หนังสือ
WS285 ก978ร 2567 c.6 
  Barcode: 087764
ห้องสมุดสาขาหลัก
►หนังสือทั่วไป
On Shelf
*รอนำขึ้นชั้น
7. หนังสือ
หนังสือ
WS285 ก978ร 2567 c.7 
  Barcode: 087765
ห้องสมุดสาขาหลัก
►หนังสือทั่วไป
On Shelf
*รอนำขึ้นชั้น
8. หนังสือ
หนังสือ
WS285 ก978ร 2567 c.8 
  Barcode: 087766
ห้องสมุดสาขาหลัก
►หนังสือทั่วไป
On Shelf
*รอนำขึ้นชั้น
9. หนังสือ
หนังสือ
WS285 ก978ร 2567 c.9 
  Barcode: 087767
ห้องสมุดสาขาหลัก
►หนังสือทั่วไป
On Shelf
*รอนำขึ้นชั้น
10. หนังสือ
หนังสือ
WS285 ก978ร 2567 c.10 
  Barcode: 087768
ห้องสมุดสาขาหลัก
►หนังสือทั่วไป
On Shelf
*รอนำขึ้นชั้น
   [แสดง 10/10 รายการ]

รายการใกล้เคียง
    ผู้แต่ง [ไกลตา ศรีสิงห์]

    หัวเรื่อง [เด็ก]

BibComment


ยังไม่เคยถูกคอมเมนท์

คอมเมนท์ทรัพยากรรายการนี้
  คอมเมนท์: โรคติดเชื้อระบบท..
Bib 13399128787

 
 
 

 Union Library Management : ULibM
Copyright 2026. All Rights Reserved.